| 000 | 01126nam a2200277 a 4500 | ||
|---|---|---|---|
| 001 | BRL_1257 | ||
| 005 | 20190320211120.0 | ||
| 008 | 061213s1936----mx-ab#####---#000-0#spa-# | ||
| 041 | _aspa | ||
| 044 | _amx | ||
| 050 | 4 |
_aF1219 _b.G37 1936 |
|
| 100 | 1 |
_aGarcía Payón, José _d1896-1977 _923862 |
|
| 245 | 1 | 0 |
_aLa zona arqueológica de Tecaxic-Calixtlahuaca y los Matlatzincas _cpor José García Payón. |
| 260 |
_aMéxico _bTalleres Gráficos de la Nación _c1936 |
||
| 300 |
_av. _bil., mapas plegables _c24 cm. |
||
| 500 | _aej.1 v.1 Au1437 ; ej.2 v.1 Au611 | ||
| 500 | _aLa biblioteca cuenta con 2 ejemplares | ||
| 500 | _aEstado físico: El ejemplar 1 tiene la portada desprendida de la parte sueperior e inferior. | ||
| 500 | _aA la cabeza de la portada: Secretaria de Educacion Publica. Departamento de Monumentos | ||
| 650 | 1 | 4 |
_aMatlatzincas _xAntigüedades _926292 |
| 650 | 1 | 4 |
_aMatlatzincas _vBibliografía _xLenguaje y lenguas _926293 |
| 650 | 1 | 4 |
_aIndígenas de México _xAntigüedades _9509 |
| 651 | 4 |
_aTecaxic, Calixtlahuaca (México : Estado) _xAntigüedades _926294 |
|
| 902 | _aGRL | ||
| 942 |
_2lcc _cB |
||
| 999 |
_c10069 _d10069 |
||